The verbal communication of emotions: interdisciplinary perspectives

Guardat en:
Dades bibliogràfiques
Autor principal: Fussell, Susan R (Autor)
Format: Llibre
Idioma:anglès
Publicat: Mahwah Lawrence Erlbaum Associates 2002
Matèries:
Etiquetes: Afegir etiqueta
Sense etiquetes, Sigues el primer a etiquetar aquest registre!

MARC

LEADER 00000nam a2200000 a 4500
001 UCM3423
003 CL-VaPUC
008 020705e20020000us |||||||||||||||||eng|d
082 0 4 |a 153.6  |b FUS  |2 21 
100 0 |a Fussell, Susan R  |e author  |9 470229 
245 1 4 |a The verbal communication of emotions: interdisciplinary perspectives 
300 |a 294 p 
942 |c BK 
945 |d 20020705 00:00:00  |a cmena 
260 |a Mahwah  |b Lawrence Erlbaum Associates  |c 2002 
650 0 |a Comunicación verbal  |9 348502 
650 0 |a Emociones   |9 265224 
650 0 |a Comunicación no verbal  |9 270761 
650 0 |a Expresión corporal  |9 308898 
650 0 |a Expresión oral  |9 334815 
583 |a last modification  |c 20171120 05:03:21  |k Rodrigo Vera 
999 |c 300790  |d 300788 
952 |0 0  |1 0  |4 0  |6 153_600000000000000_FUS_2002  |7 0  |8 A  |9 359067  |a FDOPOS  |b FDOPOS  |d 2019-11-21  |i 382666K  |o 153.6 FUS 2002  |p 382666K  |r 2025-01-22  |w 2019-11-21  |y BK  |k MLA